000 00448nam a2200157Ia 4500
008 181130s2018 xx 000 0 und d
100 _aPandey, Deepak Kumar
245 _aInterrogatng citizenship
_ba glimpse of Vantangia community
260 _c2018
300 _ap.77-83.
504 _dJan-Jun
650 _aCitizenship
650 _aVantangia community
773 _aSouth Asian Journal of Socio-Political Studies
906 _aCitizenship
999 _c506196
_d506196